CLINICAL NURSING PROCEDURES THE ART OF NURSING PRACTICE (Record no. 2380)

MARC details
000 -LEADER
fixed length control field 00406nam a2200145Ia 4500
008 - FIXED-LENGTH DATA ELEMENTS--GENERAL INFORMATION
fixed length control field 220530s9999 xx 000 0 und d
020 ## - INTERNATIONAL STANDARD BOOK NUMBER
International Standard Book Number 9788184488104
100 ## - MAIN ENTRY--PERSONAL NAME
Personal name ANNAMA JACOB
9 (RLIN) 60995
245 ## - TITLE STATEMENT
Title CLINICAL NURSING PROCEDURES THE ART OF NURSING PRACTICE
250 ## - EDITION STATEMENT
Edition statement SECOND
260 ## - PUBLICATION, DISTRIBUTION, ETC. (IMPRINT)
Place of publication, distribution, etc. NAGPUR
Name of publisher, distributor, etc. JAYPEE PUBLICATION,NAGPUR
Date of publication, distribution, etc. 2010
300 ## - PHYSICAL DESCRIPTION
Extent 2600
650 ## - SUBJECT ADDED ENTRY--TOPICAL TERM
Topical term or geographic name as entry element NURSING FOUNDATION
9 (RLIN) 60996
Holdings
Withdrawn status Lost status Damaged status Not for loan Home library Current library Date acquired Vendor Cost, normal purchase price Total Checkouts Total Renewals Barcode Date last seen Date last checked out Bill Date Koha item type Original Barcode
        Sitabai Nargundkar College of Nursing Nagpur Sitabai Nargundkar College of Nursing Nagpur 26/03/2014 TEXTBOOK PURCHASE JAYPEE BROTHERS NAGPUR INVOICE NO 202 595.00 8 1 SNCN-BK-1388 05/05/2025 15/04/2025 31/05/2022 Books 1388